Tvorba a čerpanie rezerv súvisiacich s pandémiou COVID-19

Uložené v:
Podrobná bibliografia
Hlavný autor: Antalová, Renáta
Ďalší autori: Máziková, Katarína
Médium: Kapitola
Jazyk:English
Predmet:
Tagy: Pridať tag
Žiadne tagy, Buďte prvý, kto otaguje tento záznam!

MARC

LEADER 00000naa$a2200000$$$4500
001 0270764
005 20240502074239.9
041 0 |a eng 
044 |a SK 
245 1 0 |a Tvorba a čerpanie rezerv súvisiacich s pandémiou COVID-19  |c Renáta Antalová, Katarína Máziková 
500 |a abstrakt 
610 2 0 |a rezervy 
610 2 0 |a pandémia 
610 2 0 |a koronavírus 
610 2 0 |a riziko 
100 1 |a Antalová, Renáta 
700 1 |a Máziková, Katarína